000 00595nam a22001937a 4500
999 _c6725
_d6725
003 AR-CdUCM
008 190319b ||||| |||| 00| 0 spa d
040 _aMUNICIPALIDAD PROVINCIAL DEL CUSCO
_cBIBLIOTECA MUNICIPAL DEL CUSCO
082 _a082 /
_bER72
100 _aErcilla y Zúñiga, Alonso de
_918930
245 _aLa Araucana /
260 _aLima :
_bUniverso,
_c1972.
300 _a253 páginas ;
_c17 cm.
440 _aColección autores clásicos
_n47-48
_918931
650 _aPoesías españolas
_92005
650 _aEdad de Oro 1500-1700
_93058
942 _2ddc
_cLIBROS
945 _aafb